Vector mechanics for engineers (Record no. 7603)

000 -LEADER
fixed length control field 00565nam a22001931a 4500
001 - CONTROL NUMBER
control field 7603
003 - CONTROL NUMBER IDENTIFIER
control field BD-DhUET
008 - FIXED-LENGTH DATA ELEMENTS--GENERAL INFORMATION
fixed length control field 860915s1962 nyua 000 0 eng d
040 ## - CATALOGING SOURCE
Original cataloging agency DLC
Transcribing agency DLC
Modifying agency BD-DhUET
082 ## - DEWEY DECIMAL CLASSIFICATION NUMBER
Edition number 620.1
Item number BEE/1962
100 1# - MAIN ENTRY--PERSONAL NAME
Personal name Beer, Ferdinand P.
245 10 - TITLE STATEMENT
Title Vector mechanics for engineers
Remainder of title statics
Statement of responsibility, etc. by Ferdinand P. Beer and E Russell Johnston
250 ## - EDITION STATEMENT
Edition statement 2nd ed.
260 ## - PUBLICATION, DISTRIBUTION, ETC. (IMPRINT)
Place of publication, distribution, etc. New York
Name of publisher, distributor, etc. McGraw-Hill
Date of publication, distribution, etc. 1962
300 ## - PHYSICAL DESCRIPTION
Extent xiv, 382p.+various paging
Other physical details ill.
Dimensions 25 cm.
650 #0 - SUBJECT ADDED ENTRY--TOPICAL TERM
Topical term or geographic name as entry element Vector mechanics
700 ## - ADDED ENTRY--PERSONAL NAME
Personal name Johnston, E. Russell
942 ## - ADDED ENTRY ELEMENTS (KOHA)
Koha item type General Book
Holdings
Withdrawn status Source of classification or shelving scheme Sublocation or collection (holding branch) Koha date last seen Koha normalized classification for sorting Lost status Damaged status Koha issues (times borrowed) Shelving location Koha item type Copy number Price effective from Koha date last borrowed Not for loan Piece designation (barcode) Location (home branch) Date acquired Koha full call number
  Central Library, BUET2014-12-11620_000000000000000_1BEE1962   Circulation sectionGeneral Book12014-12-11  84708Central Library, BUET2014-12-11620.1/BEE/1962
  Central Library, BUET2014-12-11620_000000000000000_1BEE1962   Circulation sectionGeneral Book22014-12-11  84863Central Library, BUET2014-12-11620.1/BEE/1962
  Central Library, BUET2014-12-11620_000000000000000_1BEE1962   Circulation sectionGeneral Book32014-12-11  84914Central Library, BUET2014-12-11620.1/BEE/1962
  Central Library, BUET2023-12-20620_000000000000000_1BEE1962  2Circulation sectionGeneral Book42014-12-112023-12-11 84939Central Library, BUET2014-12-11620.1/BEE/1962
  Central Library, BUET2023-12-17620_000000000000000_1BEE1962  3Circulation sectionGeneral Book52014-12-112023-12-11 84949Central Library, BUET2014-12-11620.1/BEE/1962